000 00378nam a2200109Ia 4500
008 171212s9999 xx 000 0 und d
020 _a9781910634134
245 _ceditor Vaughan, Laura
_aSuburban Urbanities
_bSuburbs and the Life of the High Street
260 _bUCL Press
_c2015
650 _aArchitecture & Architectural History
856 _uhttp://jstor.org/stable/j.ctt1g69z0m
999 _c352891
_d352891